NLSUI OPAC header image

International economic law : The state and future of the discipline (Record no. 25662)

MARC details
000 -LEADER
fixed length control field 00686nam a2200229Ia 4500
003 - CONTROL NUMBER IDENTIFIER
control field OSt
005 - DATE AND TIME OF LATEST TRANSACTION
control field 20251024172942.0
008 - FIXED-LENGTH DATA ELEMENTS--GENERAL INFORMATION
fixed length control field 160316s2008 xxu||||| |||| 00| 0 eng d
020 ## - INTERNATIONAL STANDARD BOOK NUMBER
International Standard Book Number 978-1841137551
040 ## - CATALOGING SOURCE
Transcribing agency .
082 ## - DEWEY DECIMAL CLASSIFICATION NUMBER
Classification number 341.751 PIC
100 ## - MAIN ENTRY--PERSONAL NAME
Personal name Picker Colin B
245 ## - TITLE STATEMENT
Title International economic law : The state and future of the discipline
260 ## - PUBLICATION, DISTRIBUTION, ETC.
Place of publication, distribution, etc. Oxford
Name of publisher, distributor, etc. Hart Publishing Company
Date of publication, distribution, etc. 2008
300 ## - PHYSICAL DESCRIPTION
Extent 337p
Dimensions xv
365 ## - TRADE PRICE
Price amount Rs. 2,625
650 ## - SUBJECT ADDED ENTRY--TOPICAL TERM
Topical term or geographic name entry element Economic Development - Law & Legislation
650 ## - SUBJECT ADDED ENTRY--TOPICAL TERM
General subdivision International Finance - Law & Legislation
650 ## - SUBJECT ADDED ENTRY--TOPICAL TERM
Topical term or geographic name entry element Sustainable Development - Law & Legislation
700 ## - ADDED ENTRY--PERSONAL NAME
Personal name Warner Douglas
--
942 ## - ADDED ENTRY ELEMENTS (KOHA)
Source of classification or shelving scheme Dewey Decimal Classification
Koha item type BOOKs
Holdings
Withdrawn status Lost status Damaged status Not for loan Home library Current library Shelving location Date acquired Cost, normal purchase price Total Checkouts Full call number Barcode Date last seen Price effective from Koha item type
        NLS NLS Library Compactors 30/05/2017 2625.00   341.751 PIC 23208 30/05/2017 30/05/2017 BOOKs